000 01220nam2a2200229 4500
001 rc\2825037
005 20260315044629.0
035 _a(NLR Aleph) 006983235
090 _a13569686
_c13569686
100 _a20110623d1932 u y0rusy50 ca
101 0 _arus
102 _aRU
105 _ay z |||||
200 1 _aВеличина пробы и методы ее составления при оценке сахаристости сортов сахарной свеклы
210 _d1932
461 0 _1001rc\2825035
_12001#$aТруды Немерчанской сортоводно-опытной станции$eТ. 1$fВСНХ. Сортовод.-семен. упр. Сахаротреста$vВып. 12
_95552931
_aВинницкая областная сельскохозяйственная опытная станция
_cКиев
_d1927
_fВСНХ. Сортовод.-семен. упр. Сахаротреста
_nССУ Сахаротреста
_oТ. 1
_tТруды Немерчанской сортоводно-опытной станции
_vВып. 12
700 1 _aФедорович
_bЛ.И.
801 0 _aRU
_bNLR
_gpsbo
801 1 _aRU
_bELAR
_2rusmarc
852 _aNLR
_j32-19/663
942 _cUNSPEC
980 _aNB